Nes Kitchen Idea Book (Record no. 2886)

000 -LEADER
fixed length control field 00269nam a2200109Ia 4500
008 - FIXED-LENGTH DATA ELEMENTS--GENERAL INFORMATION
fixed length control field 200302s9999 xx 000 0 und d
100 ## - MAIN ENTRY--PERSONAL NAME
Personal name Joanne Kellar Bouknight
245 ## - TITLE STATEMENT
Title Nes Kitchen Idea Book
260 ## - PUBLICATION, DISTRIBUTION, ETC.
Name of publisher, distributor, etc. The Taunton Press Inc.,
260 ## - PUBLICATION, DISTRIBUTION, ETC.
Date of publication, distribution, etc. 2004
300 ## - PHYSICAL DESCRIPTION
Extent 188 P.,
Holdings
Withdrawn status Lost status Damaged status Not for loan Permanent Location Current Location Date acquired Cost, normal purchase price Total Checkouts Full call number Barcode Date last seen Date last checked out Price effective from Koha item type
        BMS College of Architecture, Design and Planning BMS College of Architecture, Design and Planning 2020-03-03 595.00 1 643.3 CL-UG57499 2025-04-03 2025-03-21 2020-03-03 UG Books from CL
Copyright © 2025, The Librarian, Library and Information Centre, BMSCA D&P, Bengaluru. All Rights Reserved
web counter

Powered by Koha